Quizzes
Events
Quiz Creation
Community
Videos
Private Events
Remove Ads
Sign In
Join for FREE
Feedback
Dark Mode
Quiz Categories
Sports
Geography
Music
Movies
Television
Just For Fun
Miscellaneous
History
Literature
Language
Science
Gaming
Entertainment
Religion
Holiday
For Kids
Quiz Lab
Recent
Popular Today
Quiz Kudos Today
Editor Picks
Curator Picks
Quizzes by...
Day
Popularity
Type
Ratings
Length
Year
Community
Subscriptions
Recent Discussions
Orange Saloon
Badges
Playlists
Quests
Create
Leaderboards
Showdown
Live 5
Trivia Bingo
Activity
Puzzle Library
Sporcle Events
Private Events
Virtual Trivia
Globe League
Become a Host
Pub Owners
SporcleCon
Opinionation
Our Games
Videos
Blog
Mobile Apps
Partnerships
Remove Ads and Go Orange
Feedback
Music
Pop Music
The Beatles
Song
Album
Lyrics
Bands
Singers
Artist
Clip
Rock
Rap
Classical
Billboard
Country Music
Kpop
Taylor Swift
Music
Pop Music
The Beatles
Song
Album
Lyrics
Bands
Singers
Artist
Clip
Rock
Rap
Classical
Billboard
Country Music
Kpop
Taylor Swift
Random Quiz
Search Sporcle
×
Quiz Lab
Quiz Lab
Music
Song
Type in answers that appear in a list
Type in answers that appear in a list
Classic
Best Score? Go Orange.
Live Acts Stats
Can you name the groups I've seen live from the songs they played?
By
RealityChuck
5m
20 Questions
20 Plays
20 Plays
20 Plays
Comments
Comments
Give Quiz Kudos
Give Quiz Kudos
-
- Ratings
hide this ad
More Info
Replay
Link that replays current quiz
Next Quiz
Link to next quiz in quiz playlist
You Got
0%
They Got
Avg Score
28%
Avg Friend Score
Upgrade to see
Score Distribution
Jump to the score distribution portion of the page
Score
0/20
Timer
05:00
0
Plays Today
Songs played
Group name
% Correct
Sloop John B, California Girls
Beach Boys
85%
Your Song, Just the Way You Are
Billy Joel and Elton John
80%
Halleluljah I Love Her So, Georgia on my Mind
Ray Charles
55%
One of These Days, Atom Heart Mother
Pink Floyd
50%
Lather, White Rabbit
Jefferson Airplane
50%
Leaving on a Jet Plane, Puff the Magic Dragon
Peter Paul and Mary
40%
In the Midnight Hour
Wilson Pickett
35%
Dream Police, Surrender
Cheap Trick
35%
Theme from an Imaginary Western, Mississippi Queen
Mountain
30%
Rosalita, Spirit in the Night
Bruce Springsteen
30%
Songs played
Group name
% Correct
Whipping Post, In Memory of Elizabeth Reed
Allman Brothers Band
20%
Bouree, Fat Man
Jethro Tull
15%
Frankenstein, Still Alive and Well
Edgar Winter's White Trash
15%
Still the One
Orleans
10%
Whammer Jammer, First I look at the Purse
J. Geils Band
5%
Are You Sitting Comfortably?, Higher and Higher
Moody Blues
5%
I Don't Know You, Glendale Train
New Riders of the Purple Sage
5%
Ballet for a Girl in Buchannon, Questions 67 and 68
Chicago
0%
Nobody Knows Me, Here I Am
Lyle Lovett and his Large Band
0%
Cakewalk into Town, She Caught the Katy
Taj Mahal
0%
Quiz Playlist
Details
Report
Send in Message
Add To Playlist
More Info:
Concerts from 1969-2007. Original group members.
Classic:
Type in answers that appear in a list
Last Updated: Feb 16, 2017
Quiz Scoreboard
CHALLENGE
Sign Up to Join the Scoreboard
Show All
Scores
Hide
Comments
May contain spoilers
Recently Published
Movies - When Are They Set?
by FPL_Elf
Movies
5m
Popular People in 1961
by mucciniale
History
6m
1-10 Letter E Words III
by El_Dandy
Language
2m
More to Explore
Quiz From the Vault
Featured Blog Post
Where Did the Easter Bunny Come From?
hide this ad
You Might Also Like...
Tags
Song Quiz
Act
group
Ive
Live
seen
Today's Top Quizzes in Music
Browse Music
hide this ad
Today's Top Quizzes in Song
Browse Song
Top Contributed Quizzes in Music
1
Taylor Swift All Songs (2024)
2
2010s Album by Cover III
3
One Thing in Common: Music
4
Taylor Swift Logic Puzzle
5
Guess the Artist- 70s Songs
6
2010s Album by Cover IV
7
Guess the Taylor Swift song (Mystery Song)
8
2010s Album by Cover V
9
Lana Del Rey Discography (BTD to DYKTTATUOB)
10
2010s Album by Cover VI
Explore More
Trending Topics
Anime
Crossword
Kpop
Disney
Marvel
Harry Potter
NBA
Soccer
Country
Pokémon
Puzzle
NFL
WWE
The Office
Song
hide this ad
More By:
RealityChuck
Quiz
Plays
Rating
Category
Featured
Created
NY Mets without world series
348
5.00
Sports
Jan 25, 2016
Classic Rock Albums by Opening Song
347
4.09
Music
Sep 20, 2010
Hugo Award Winners for Best Science Fiction Novel
328
5.00
Literature
Oct 17, 2011
Classic Rock Groups by Obscure Album
326
3.00
Music
Aug 24, 2010
NY Jets Super Bowl QBs
320
3.75
Sports
Feb 9, 2011
Go to Creator's Profile
Score Distribution
Quiz Creator Spotlight
RealityChuck
Follow
Send a Message
Quizzes Created
-
Created Quiz Play Count
-
More By This Creator
Popular Quizzes Today
1
Find the US States - No Outlines Minefield
2
Find the Countries of Europe - No Outlines Minefield
3
The Countries of the World
4
Popular People in 1961
5
1-10 Letter E Words III
6
US States
7
Find the US States
8
One Thing in Common: World Cities II
More Music Quizzes
📻 Top 100 Artists of the 1980s
Editor's Pick
Trending Quizzes
Risky Map Clicking: Least Populous States A-Z
1-10 Letter F Words
1-10 Letter G Words
One Thing in Common: United Kingdom
Risky Map Clicking: Next State Alphabetically
Recently Updated
Leaping Animals
pecheneg
Reality TV Shows (A-Z)
bhenderson79
Rickey Henderson's Hall of Fame Teammates
pecheneg
Champions League XIs: Arsenal
pecheneg
Quick Pick: Celebrities in WWE's Hall of Fame
aduchscher
A-Z Keypad Blitz II
pecheneg
Multiple Oscar Actors
pecheneg
Mystery Phrase Blitz: Oscar 'Best Actors'
pecheneg
F. Scott Fitzgerald Novels
LTH
Pick 3 Villains
ddd62291
Trending Topics
Harry Potter
Anime
NBA
Marvel
Crossword
Disney
Kpop
Soccer
WWE
Song
NFL
Country
Pokémon
The Office
Puzzle
Your Account Isn't Verified!
In order to create a playlist on Sporcle, you need to verify the email address you used during registration. Go to your
Sporcle Settings
to finish the process.
Report this User
Report this user for behavior that violates our
Community Guidelines
.
Details:
Send Report
Go to the Sporcle.com Mobile Site →
Comments